| 000 | 00443nam a2200157Ia 4500 | ||
|---|---|---|---|
| 020 | _a(hb) | ||
| 082 |
_a954.9122 _bYOU |
||
| 100 |
_aYounghusband, G. J. _949571 |
||
| 245 | _aThe Relief of Chitral | ||
| 260 |
_aLONDON: _bMACMILLAN AND CO., _c1895. |
||
| 300 | _a232p. :ill. : 22cm. | ||
| 526 |
_a0 _b0 _c0 _d954_912200000000000_YOU |
||
| 650 |
_aIndia -- History -- Chitral Campaign -- 1895. _950470 |
||
| 650 |
_aMCE _9379 |
||
| 942 |
_2ddc _cBK |
||
| 999 |
_c553205 _d553205 |
||